| 000 | 01185pam a22003377a 4500 | ||
|---|---|---|---|
| 001 | 13830320 | ||
| 003 | OSt | ||
| 005 | 20231026124435.0 | ||
| 008 | 050104s2004 enk 001 0 eng | ||
| 010 | _a 2005295190 | ||
| 015 |
_aGBA3X5898 _2bnb |
||
| 016 | 7 |
_a010973657 _2Uk |
|
| 020 | _a0340808748 (pbk.) | ||
| 035 | _a(OCoLC)ocm56654070 | ||
| 040 |
_aUKM _beng _cUKM _dDLC |
||
| 042 | _alccopycat | ||
| 050 | 0 | 0 |
_aRG106 _b.M357 2004 |
| 082 | 0 | 4 | _aWQ 18 M51d 2004 |
| 100 | _4Luesley, David; Baker, Philip; Brockelsby, Jeremy C. | ||
| 245 | 0 | 0 |
_aMCQs and short answer questions for MRCOG: _ban aid to revision and self-assessment |
| 260 |
_aLondon : _bArnold, _c2004. |
||
| 300 |
_ax, 254 p. ; _c24 cm. |
||
| 500 | _aIncludes index. | ||
| 650 | 0 |
_aMCQs Obstetrics _93529 |
|
| 650 | 0 |
_aGynecology _93530 |
|
| 856 | 4 | 2 |
_3Publisher description _uhttp://www.loc.gov/catdir/enhancements/fy0627/2005295190-d.html |
| 856 | 4 | 1 |
_3Table of contents only _uhttp://www.loc.gov/catdir/enhancements/fy0627/2005295190-t.html |
| 906 |
_a7 _bcbc _ccopycat _d2 _encip _f20 _gy-gencatlg |
||
| 942 |
_2ddc _cSLOAN |
||
| 999 |
_c4178 _d4178 |
||